| 000 | 00896cab a2200253 4500 | ||
|---|---|---|---|
| 001 | WB3333-13 | ||
| 008 | 090401t1997 xxu||||| |||| 00| 0 eng d | ||
| 035 | _a(Sirsi) u80443 | ||
| 041 | _aeng | ||
| 245 | _aRegional offices | ||
| 260 | _c1997 | ||
| 350 | _a0 | ||
| 490 |
_aProperty Week _v60(9) 22 August 1997, 6(1) |
||
| 520 | _aST Quintin`s latest survey of regional markets shows that prime retail office yields remain strong at 7%, compared to 5% for retial yields. | ||
| 650 | _aOFFICE INVESTMENT | ||
| 650 | _aPROPERTY-COMMERCIAL PROPERTY-OFFICE PROPERTY-OFFICE PROPERTY MARKET | ||
| 650 | _aREGIONAL OFFICES | ||
| 650 | _aRETAIL INVESTMENT | ||
| 650 | _aPROPERTY-COMMERCIAL PROPERTY-RETAIL PROPERTY-RETAIL PROPERTY MARKET | ||
| 650 | _aST QUINTIN | ||
| 690 | _aPROPERTY-COMMERCIAL PROPERTY-COMMERCIAL PROPERTY FINANCE AND INVESTMENT | ||
| 942 | _n0 | ||
| 948 | _c22/08/1997 | ||
| 999 |
_c50652 _d50652 |
||